00635nam a2200217Ia 450000500170000000800410001702000100005804000190006804100120008708200160009910000200011524500740013526000440020930000290025350400500028263000200033265000160035265100160036870000230038485000100040720240227093927.0131103s9999 xx 000 0 und d cRs.15 aLoreto College aEnglish a364.36bSEL aSellin,Thorsten 4aThe measurement of DelinquencycThorston Sellin and Marvin E.Wolfgang aNew DelhibWiley Eastern Pvt.,ed.c1970 ax,423 p.b illus.,tables aIncludes bibliographical references and index aSocial Problems aDelinquency aCriminology aWolfgang,Marvin E. aLCLIB